Riconosci lo Stato - Quiz n°146 - Statistics

Statistiche generali
  • Questo quiz è stato fatto 32 volte
  • Il punteggio medio è 12 su 13
Statistiche sulle risposte
Indizio Risposta % Corretto
Popolazione 173 591 309 ab.
96%
Valuta Taka
96%
Fuso Orario UTC+6
96%
Superficie 147 570 km²
93%
Iniziale della Capitale D
93%
Indipendenza dal Pakistan il 26 marzo 1971
93%
Primo ministro Sheikh Hasina
93%
Presidente della Repubblica Mohammed Shahabuddin
89%
Forma di Governo Repubblica parlamentare
89%
ISU 0.661
86%
Tasso di crescita 1,01%
86%
PIL (nominale) 446 349 milioni di $
86%
Risposta Bangladesh
86%
Nessun quiz corrispondente trovato
Distribuzione punteggi
Percentuale di utenti per punteggio
Percentile per numero di risposta
I tuoi punteggi nel tempo
Non hai fatto questo quiz